Statistics for Lyon Scorers in 2010s Champions League

Click here to take the quiz!

General Stats

  • This quiz has been taken 131 times
  • The average score is 15 of 26

Answer Stats

PlayerNationGls% Correct
Alexandre LacazetteFrance5
95%
Memphis DepayNetherlands1
89%
Miralem PjanićBosnia5
87%
Lisandro LópezArgentina6
83%
Bertrand TraoréBurkina Faso1
76%
Bafétimbi GomisFrance9
75%
Maxwel CornetIvory Coast5
75%
Nabil FekirFrance3
72%
Moussa DembéléFrance1
69%
Dejan LovrenCroatia1
67%
Corentin TolissoFrance2
65%
Kim KällströmSweden1
65%
Maxime GonalonsFrance2
62%
Michel BastosBrazil5
61%
Bakary KonéBurkina Faso1
57%
Lucas TousartFrance1
56%
Jordan FerriFrance2
48%
Christophe JalletFrance1
43%
Yoann GourcuffFrance1
43%
Sidney GovouFrance1
40%
César DelgadoArgentina1
33%
Jimmy BriandFrance2
32%
Tanguy NdombeleFrance2
32%
Jean MakounCameroon1
31%
Leo DuboisFrance1
30%
Aly CissokhoFrance1
14%

Score Distribution

Percentile by Number Answered

Percent of People with Each Score

Your Score History

You have not taken this quiz